Vista normal Vista MARC

Entrada Topical Term

Número de registros utilizados en: 2

001 - CONTROL NUMBER

  • control field: 66957

003 - CONTROL NUMBER IDENTIFIER

  • control field: OSt

005 - DATE AND TIME OF LATEST TRANSACTION

  • control field: 20251107210830.0

008 - FIXED-LENGTH DATA ELEMENTS

  • fixed length control field: 251107|| aca||aabn | a|a d

040 ## - CATALOGING SOURCE

  • Original cataloging agency: OSt
  • Transcribing agency: OSt

150 ## - HEADING--TOPICAL TERM

  • Topical term or geographic name entry element: Labores de aguja
  • Form subdivision: Manuales, vademécum, etc

670 ## - SOURCE DATA FOUND

  • Source citation: Work cat.: (OSt)59865: Wood, Dorothy 1955- aut 66956, Técnicas de costura :









Instituto Departamental de Cultura del Meta - Red Departamental de Bibliotecas Públicas del Meta.